Normal view
MARC view
- B.J Cory, N.Jenkins, J.B Ekanayake, G Strbac
Entry Corporate Name
001 - CONTROL NUMBER
- control field: 124392
003 - CONTROL NUMBER IDENTIFIER
- control field: NUST
005 - DATE AND TIME OF LATEST TRANSACTION
- control field: 20240710174131.0
008 - FIXED-LENGTH DATA ELEMENTS
- fixed length control field: 240710|| aca||aabn | a|a d
040 ## - CATALOGING SOURCE
- Original cataloging agency: NUST
- Transcribing agency: NUST
110 ## - HEADING--CORPORATE NAME
- Corporate name or jurisdiction name as entry element: B.J Cory, N.Jenkins, J.B Ekanayake, G Strbac
670 ## - SOURCE DATA FOUND
- Source citation: Work cat.: (NUST): B,M Weedy 124391, Electric Power System, 2012.
